Multiple Oscar Hosts Quiz Stats

Quiz Updated Feb 29, 2016

Also try: Multi-Oscar Actors
Challenge
Share
Tweet
Embed
Score 0/23 Timer 06:00
1 Play Today
# Host % Correct
9Billy Crystal
78.7%
3Steve Martin
77.4%
2Ellen Degeneres
65.1%
18Bob Hope
62.7%
4Whoopi Goldberg
53.9%
5Johnny Carson
47.1%
2Chris Rock
46.1%
2Jon Stewart
41.4%
2James Stewart
36.7%
2Frank Sinatra
22.3%
2Chevy Chase
16.2%
2Sammy Davis, Jr.
12.2%
# Host % Correct
3Jerry Lewis
11.2%
3David Niven
10.5%
4Jack Lemmon
10.4%
2Jane Fonda
8.4%
2Jack Benny
6.1%
2Richard Pryor
6.1%
2Goldie Hawn
5.9%
2Walter Matthau
5.5%
2William C. de Mille
5.1%
2Frank Capra
2.6%
3Conrad Nagel
2.4%

You're not logged in!

Compare scores with friends on all Sporcle quizzes.
Sign Up with Email
OR
Log In

You Might Also Like...

Show Comments

Extras

Top Quizzes Today


Score Distribution

Your Account Isn't Verified!

In order to create a playlist on Sporcle, you need to verify the email address you used during registration. Go to your Sporcle Settings to finish the process.